ბათუმის შოთა რუსთაველის სახელმწიფო უნივერსიტეტის ბიბლიოთეკა

Элементы линейного программирования (ბიბ.ჩანაწერი № 39130)

000 -LEADER
fixed length control field 00616nam a2200205Ia 4500
001 - CONTROL NUMBER
control field 5713
003 - CONTROL NUMBER IDENTIFIER
control field GE_BSU
008 - FIXED-LENGTH DATA ELEMENTS--GENERAL INFORMATION
fixed length control field 181216s||||||||xx |||||||||||||| ||und||
040 ## - CATALOGING SOURCE
Transcribing agency GE_BSU
080 ## - UNIVERSAL DECIMAL CLASSIFICATION NUMBER
Universal Decimal Classification number 519.85
100 ## - MAIN ENTRY--PERSONAL NAME
Personal name Волков,В.А
245 ## - TITLE STATEMENT
Title Элементы линейного программирования
245 ## - TITLE STATEMENT
Remainder of title пособие для учителей сред. школы
260 ## - PUBLICATION, DISTRIBUTION, ETC.
Place of publication, distribution, etc. Москва
260 ## - PUBLICATION, DISTRIBUTION, ETC.
Name of publisher, distributor, etc. Просвещение
260 ## - PUBLICATION, DISTRIBUTION, ETC.
Date of publication, distribution, etc. 1975.
300 ## - PHYSICAL DESCRIPTION
Extent 140стр. 20 см.
653 ## - INDEX TERM--UNCONTROLLED
Uncontrolled term Элементы линейного программирования
942 ## - ADDED ENTRY ELEMENTS (KOHA)
Koha item type წიგნი
ეგზემპლარები
Withdrawn status Lost status Damaged status Not for loan Date acquired Barcode Date last seen Price effective from Koha item type
        2018-12-17 16596 2018-12-17 2018-12-17 წიგნი